| 000 | 02205cam a2200505 a 4500 | ||
|---|---|---|---|
| 001 | sjds462890 | ||
| 003 | sjds | ||
| 005 | 20200706100336.0 | ||
| 008 | 110503t20112011caua b 000 1 eng | ||
| 010 | _a 2011012713 | ||
| 020 | _a0892392355 | ||
| 020 |
_a9780892392353 _c$17.95 |
||
| 035 | _a(OCoLC)704391532 | ||
| 040 |
_aDLC _cDLC _dBTCTA _dIFA _dUtOrBLW |
||
| 041 | 0 |
_aeng _aspa |
|
| 049 | _aIFAA | ||
| 099 | _f2011 | ||
| 100 | 1 |
_aBrown, Monica, _d1969- _eauthor. |
|
| 245 | 1 | 0 |
_aMarisol McDonald no combina = _b Marisol McDonald doesn't match/ _cstory / cuento, Monica Brown ; illustrations / ilustraciones, Sara Palacios ; Spanish translation / traduccion al espanol, Adriana Domínguez. _h |
| 246 | 3 | _aMarisol McDonald does not match | |
| 246 | 3 | 0 | _aMarisol McDonald no combina |
| 260 |
_aSan Francisco : _bChildren's Book Press, _a[Berkley, Calif.] : _bDistributed by Publishers Group West. _cc2011 |
||
| 264 | 1 |
_aSan Francisco : _bChildren's Book Press, _c[2011] |
|
| 264 | 2 |
_a[Berkley, Calif.] : _bDistributed by Publishers Group West. |
|
| 264 | 4 | _cc2011 | |
| 300 |
_a31 pages : _bcolor illustrations ; _c26 cm |
||
| 336 |
_atext _btxt _2rdacontent |
||
| 337 |
_aunmediated _bn _2rdamedia |
||
| 338 |
_avolume _bnc _2rdacarrier |
||
| 520 | _aMarisol McDonald, a biracial, nonconformist, soccer-playing pirate-princess with brown skin and red hair, celebrates her uniqueness. | ||
| 520 | _aMarisol McDonald es una ni�a biracial, incomformista, futbolista, princesa pirata de piel morena y pelirroja, celebra su singularidad. | ||
| 521 | 8 |
_aAD 580 _bLexile |
|
| 526 | 0 |
_aAccelerated Reader _bLG _c2.8 _d0.5 _z146488SP |
|
| 546 | _aText in English and Spanish. | ||
| 650 | 0 |
_aIndividuality _vJuvenile fiction. |
|
| 650 | 0 |
_aRacially mixed people _vJuvenile fiction. |
|
| 650 | 0 |
_aHispanic Americans _vJuvenile fiction. |
|
| 650 | 0 |
_aPeruvian Americans _vJuvenile fiction. |
|
| 650 | 7 |
_aPeruano-americanos _vNovela juvenil. _2local |
|
| 650 | 7 |
_aIndividualidad _vNovela juvenil. _2bidex |
|
| 650 | 7 |
_aGente de raza mezclada _vNovela juvenil. _2local |
|
| 650 | 7 |
_aHispanoestadounidenses _vNovela juvenil. _2bidex |
|
| 700 | 1 |
_aPalacios, Sara, _eillustrator. |
|
| 942 |
_cBK _2ddc |
||
| 999 |
_c24668 _d24668 |
||